|
|
|
|
| LEADER |
00000nam a22000007a 4500 |
| 005 |
20170308235430.0 |
| 007 |
cr|||| |||| |
| 008 |
170308s2016 mx |||||s|||| 00||0 spa d |
| 020 |
|
|
|a 978-607-8384-83-9
|
| 035 |
|
|
|a 14839
|
| 040 |
|
|
|a vLex
|
| 090 |
|
|
|c 6588
|d 6588
|
| 245 |
0 |
0 |
|a Introduccin̤ a la fiscalidad internacional
|h [Recurso electrn̤ico] /
|
| 256 |
|
|
|a Servicio en ln̕ea
|
| 260 |
|
|
|a Mx̌ico DF:
|b Instituto Mexicano de Contadores Pb︢licos,
|c 2016
|
| 300 |
|
|
|a 1 recurso electrn̤ico
|
| 500 |
|
|
|a La Comisin̤ Fiscal Internacional del Colegio de Contadores Pb︢licos de Mx̌ico, A.C., est ̀integrada por profesionales expertos en temas de tributacin̤ de operaciones internacionales, y su objetivo es el estudio y la divulgacin̤ de esta materia, cada vez ms̀ dinm̀ica, mediante publicaciones, cursos y seminarios. Mx̌ico se encuentra en una p̌oca muy interesante en cuanto al avance de la inversin̤ externa en nuestro pas̕ y la que ha generado en el extranjero, lo cual coincide con el hecho de que hace ms̀ de veinte aǫs celebr ̤sus primeros tratados de libre comercio y los convenios para evitar la doble imposicin̤, as ̕como su incorporacin̤ a la Organizacin̤ para la Cooperacin̤ y Desarrollo Econm̤icos (OCDE). Asimismo, Mx̌ico cuenta con una gran legislacin̤ que facilita dicha inversin̤, pero que a su vez genera ciertas obligaciones a las que los contribuyentes deben estar pendientes. Esta obra pretende dar un anl̀isis a las disposiciones fiscales mexicanas vigentes en 2016, referidas a la LISR y su reglamento, la LIVA y su reglamento, el CFF y su reglamento y la Resolucin̤ Miscelǹea Fiscal (RMF). Aunado a esto, sin dejar a un lado las disposiciones contenidas en los tratados fiscales en vigor celebrados por Mx̌ico, hemos destinado una parte de este trabajo a comentar de manera general cm̤o estos tratados regulan los temas abordados.
|
| 506 |
1 |
|
|a Disponible solo en los productos indicados
|d vLex Global
|d vLex Global (Academic Edition, excluding Law Schools)
|d vLex Global (U.S. Academic Edition, Law Schools)
|d vLex Global (U.S. Academic Edition, excluding Law Schools)
|d vLex Global (Academic Edition, Law Schools)
|
| 650 |
0 |
4 |
|a Derecho Fiscal
|z Mx̌ico
|
| 740 |
0 |
|
|a vLex Libros (Servicio en ln̕ea)
|
| 856 |
4 |
0 |
|u http://vlex.com/source/introduccion-a-la-fiscalidad-internacional-14839
|z Acceso restringido
|
| 942 |
|
|
|c BOOK
|
| 999 |
0 |
|
|a Tax Law
|